2016 Celebrity Deaths - Sudden Death - Statistics

General Stats
  • This quiz has been taken 91 times
  • The average score is 3 of 17
Answers on the Grid
Answers color-coded by a green-red scale on the quiz's grid according to % correct below.
David Bowie
Nelson Mandela
Hugh Hefner
Doris Day
Manuel Noriega
Alan Rickman
Glenda Jackson
Umberto Eco
Muhammad Ali
Lee Kuan Yew
David Carradine
Gene Wilder
Roger Moore
Prince
Christopher Lee
George H.W. Bush
Merle Haggard
Betty White
Shimon Peres
Shirley Temple
George Michael
Aretha Franklin
Carrie Fisher
Margaret Thatcher
Sean Connery
Fidel Castro
Rob Ford
Shinzo Abe
Harper Lee
Leonard Cohen
Ronnie Corbett
Neil Armstrong
Jacques Chirac
Leslie Nielsen
Arnold Palmer
Henry Kissinger
 
Answer Stats
Answer % Correct
David Bowie
84%
Prince
43%
Alan Rickman
41%
George Michael
32%
Muhammad Ali
29%
Gene Wilder
27%
Carrie Fisher
21%
Fidel Castro
13%
Leonard Cohen
9%
Umberto Eco
7%
Ronnie Corbett
5%
Harper Lee
4%
Shimon Peres
4%
Shirley Temple
4%
Arnold Palmer
2%
Merle Haggard
2%
Rob Ford
2%
No matching quizzes found
Score Distribution
Percent of People with Each Score
Percentile by Number Answered
Your Score History
You have not taken this quiz